Perspektivy biologické ochrany pomocí predátorů a parazitorů z pohledu ekologické teorie

Podrobná bibliografia
Hlavný autor: Jarošík, Vojtěch (Autor)
Médium: Článok
Jazyk:čeština
Fyzický popis:Obr. 2
Predmet:

MARC

LEADER 00000nab a2200000 a 4500
001 vtls000331066
003 SK-MaSNL
005 20260304035013.0
008 160201c1988 xo 0 cze
015 |a SNBRA19rr/mm-uuuuu 
035 |a CL0331188 
040 |a SNKBUCL  |b slo  |c SNKBUCL  |e AACR2 
041 0 |a cze 
044 |a xo  |c SK 
080 |a 632.937.1:591.5  |2 1981 
080 |a 591.5  |2 1981 
100 1 |a Jarošík, Vojtěch  |4 aut  |9 1318457 
245 1 0 |a Perspektivy biologické ochrany pomocí predátorů a parazitorů z pohledu ekologické teorie  |c Vojtěch Jarošík 
300 |b Obr. 2 
504 |a Bibliogr. odkazy 
650 0 7 |a biologická ochrana rastlín  |2 snkbucl  |9 224755 
650 0 7 |a predátori  |2 snkbucl  |9 55677 
650 0 7 |a parazitory  |2 snkbucl  |9 1318462 
655 7 |a články zo zborníkov  |2 snkbucl  |9 166140 
773 0 |t Aplikácia biologickej ochrany rastlín  |d Banská Bystrica : Dom techniky ČSVTS, 1988  |g S. 100-108 
850 |a Slovenská národná knižnica v Martine  |a MTA001 
852 |a SNK  |b KIS3GCP 
958 |a RK 
958 |a CZ 
992 |a RZB 
999 |c 2655847  |d 2657777